000 03685 a2200481 4500
005 20090520134820.0
010 _aENG-89936 B-309422-426 B-453818-822
020 _a8125032436
_c320.00
020 _a9788125032434
_c320.00
035 _aEN-73469
035 _aB-309422-426
035 _aB-359120
035 _aB-453818-822
037 _bDBAD / PUB
037 _bAakar Books
037 _bPansy Books
037 _bRBC/Ven
082 _a303.625
245 _aTerror & violence:
_cedited by Andrew Strathern, Pamela J. Stewart [and] Neil L. Whitehead
_bimagination and the unimaginable /
260 _aHyderabad
_bOrient Longman
_c2007
270 _a3-6-752, Himayatnagar
_bHyderabad
_e500029
_mhydgeneral@orientlongman.com
300 _aviii, 250p.
_c22cm(pbk)
500 _aIncludes index
700 _aStrathern, Andrew
_942872
700 _aStewart, Pamela J.
_942873
700 _aWhitehead, Neil L.
_942874
942 _adpl
_cEN
_2ddc
_h303.625
_mTER
999 _c11667
_d11667